| 000 | 00829nam a22002417a 4500 | ||
|---|---|---|---|
| 001 | 7432 | ||
| 003 | FISKH | ||
| 005 | 20250825133249.0 | ||
| 008 | 250715b cb ||||| |||| 00| 0 eng d | ||
| 020 | _a9780064460996 | ||
| 040 |
_aFISKH _beng _cFISKH _dFISKH |
||
| 050 | _aG63 .K63 | ||
| 082 | _a910.32 | ||
| 100 | _aKnowlton, Jack | ||
| 245 |
_aGeography from A to Z: _bA Picture Glossary / _cby Jack Knowlton Pictures by Harriett Barton |
||
| 260 |
_aNew York : _bHarper Collins, _c1988. |
||
| 300 |
_a47 pages : _bcolor illustrations ; _c24 cm |
||
| 520 | _aA glossary of geographic terms, from "archipelogo" to "zones", with definitions and descriptions of the Earth's features. | ||
| 650 |
_aGeography _vReference _xsocial studies |
||
| 700 |
_aBarton, Harriett _eillustrator |
||
| 942 |
_2ddc _cBK _n0 |
||
| 999 |
_c7432 _d7432 |
||